000 01520nam0a2200289 4500
001 RU\NLR\bibl\898032
005 20250614174937.0
021 _aRU
_b2005-69768
_93432
035 _a(NLR Aleph) 000886486
090 _a1691550
_c1691550
100 _a20060119d2005 |||y0rusy50 ca
101 0 _arus
102 _aRU
105 _aa |||||||||
200 1 _aОбщие принципы переработки полимеров в химические волокна
_eучебное пособие для студентов специальности 280200 всех форм обучения
_fН.А. Мазур, О.П. Лалетина
_gФедер. агентство по образованию, ГОУ ВПО "Сиб. гос. технол. ун-т"
210 _aКрасноярск
_cСибирский государственный технологический университет
_d2005
215 _a71 с.
_cил.
_d21
320 _aБиблиогр.: с. 70 (9 назв.)
606 1 _aХимические волокна
_jУчебные издания для высших учебных заведений
_xПроизводство
_92194679
_3RU\NLR\auth\661319112
686 _aЛ73я73-1
700 1 _aМазур
_bН. А.
_gНадежда Айзиковна
_4070
701 1 _aЛалетина
_bО. П.
_gОльга Петровна
_4070
801 0 _aRU
_bNLR
_c20060119
_grcr
801 1 _aRU
_bNLR
_c20060119
942 _cBOOK
980 _aNB